| 000 | 00417nam a2200169Ia 4500 | ||
|---|---|---|---|
| 005 | 20250313100853.0 | ||
| 008 | 240331s9999 xx 000 0 und d | ||
| 020 | _a8177200224 | ||
| 082 |
_bDAN _a894 |
||
| 245 | 0 | _aDaniel kadithangal | |
| 260 |
_aPuthanatham _bAdaiyalam _c2003 |
||
| 300 | _a192 p ., | ||
| 650 | _aThalith Community | ||
| 650 | _athesiya ina pirachanai | ||
| 700 |
_aMarx, A. _eedt |
||
| 942 | _cL | ||
| 999 |
_c3970 _d3970 |
||